| 000 | 00639nam a2200181 i 4500 | ||
|---|---|---|---|
| 001 | 60893 | ||
| 003 | ES-MaACL | ||
| 005 | 20230906164327.0 | ||
| 007 | t| | ||
| 008 | 031107s1984 sp ||||1| spa d | ||
| 245 | 0 | 0 |
_aEstructuras feudales y feudalismo en el mundo mediterráneo _b: (siglos X-XIII) / _cPierre Bonnassie...[et al.] ; estudio preliminar de Reyna Pastor ; [traducción de Juan Faci]. |
| 260 |
_aBarcelona : _bCrítica, _c[1984] |
||
| 300 |
_a292 p. ; _c20 cm. |
||
| 700 | 1 |
_aBonnassie, Pierre. _930230 |
|
| 700 | 1 |
_aPastor de Togneri, Reyna. _989502 |
|
| 700 | 1 |
_aFaci, Juan. _948594 |
|
| 852 |
_aES-MaACL _jL-6583 _bR.107203 |
||
| 999 |
_c60893 _d60893 |
||